Literaturnaja enciklopedija russkogo zarubež'ja (1918-1940) Tom 2, čast' 2, K-S

Bibliographic Details
Other Authors: Nikoljukin, Aleksandr Nikolajevič, 1928- (upr)
Format: Book
Language:Russian
PhysicalDescription:320 s. 20 cm
Published: Moskva INION RAN 1997
ISBN:5248000904
Subjects:

MARC

LEADER 00000nam a2200000 a 4500
001 vtls001366219
003 SK-MaSNL
005 20260301115225.0
008 251124s1997 RU f r y 0 rus
020 |a 5248000904  |c [571,00] 
035 |a SNK000319880 
040 |a SNK  |b slo  |c SNK  |e AACR2 
044 |a RU 
080 |a 929:882"1918/1940"  |2 1981 
080 |a 061.22(100):882"1918/1940"  |2 1981 
080 |a 930:85:82(100)"1918/1940"  |2 1981 
245 1 |a Literaturnaja enciklopedija russkogo zarubež'ja (1918-1940)  |n Tom 2, čast' 2, K-S  |c [glav. redaktor: A.N. Nikoljukin] 
260 |a Moskva  |b INION RAN  |c 1997 
300 |a 320 s.  |c 20 cm 
650 0 7 |a spolky literárne ruské v zahraničí  |y 1918-1940  |x prehľady  |2 SNK  |9 387540 
650 0 7 |a ruské tlače  |2 SNK  |9 90394 
650 0 7 |a ruskí spisovatelia  |2 SNK  |9 3768 
700 1 |a Nikoljukin, Aleksandr Nikolajevič,  |d 1928-  |4 upr  |9 85543 
919 |a 5-248-00090-4 
999 |c 721313  |d 723243 
952 |t P60, <04>, [BOOK], {604}  |a SNK  |b SNK  |y VYP  |7 0  |p 17A0198444  |o snkID 84243/2/2  |i snkV 865/99  |0 0  |1 0  |4 0  |d 1999-07-06  |l 0  |r 2005-01-02 00:00:00  |w 2026-02-23